| 000 | 00590nam a2200193 i 4500 | ||
|---|---|---|---|
| 001 | 35346 | ||
| 003 | ES-MaACL | ||
| 005 | 20230906155118.0 | ||
| 007 | t| | ||
| 008 | 030212s1982 sp ||||1| spa d | ||
| 100 | 1 |
_aBorsarello, Jean. _930613 |
|
| 245 | 1 | 0 |
_aManual de acupuntura / _cpor Jean Borsarello ; versión, María Rosa Camprubi Forner. |
| 250 | _a1ª ed. | ||
| 260 |
_a[Barcelona] : _bToray Masson, _c1982. |
||
| 300 |
_aX, 166 p. : _bil. ; _c21 cm. |
||
| 650 | 4 |
_aAcupuntura. _9158954 |
|
| 700 | 1 |
_aCamprubi Forner, María Rosa. _934308 |
|
| 852 |
_aES-MaACL _jL-4663 _bR.104436 |
||
| 999 |
_c35346 _d35346 |
||